000 03046nab a2200253 i 4500
003 BR-BrBNA
005 20240216105721.0
008 240216b2003 bl.fr|p|oa||| 00| 0 por |
040 _aBR-BrBNA
_bpor
072 _aF63
100 _aSilva, S.R.
100 _aMalerbo-Souza , D.T.
245 _aEficiência de extratos de plantas medicinais e aromáticas em atrair a abelha africanizada (Apis mellifera L.) em cultura de abacateiro (Persea americana Mill.)
500 _aPublicação on-line; 23 ref.; 1 table; Summaries (En, Pt)
520 _a RESUMO : O presente experimento teve como objetivo estudar a atratividade de extratos de plantas medicinais e aromáticas sobre a freqüência da abelha africanizada (Apis mellifera L.) em flores das variedades Quintal e Fortuna do abacateiro (Persea americana Mill.). Para isso, foram pulverizadas sobre as flores os extratos de capim-limão (Cymbopogon citratus), manjericão (Ocimum sellowii L), falsa melissa (Lippia alba), folhas de laranjeira (Citrus sinensis), de eucalipto (Eucalyptus sp.), eugenol e linalol. A atratividade foi avaliada através de contagens do número de abelhas Apis mellifera L, a cada dez minutos, das 7 às 18 horas, antes e após a pulverização. Observou-se que a pulverização dos extratos de falsa melissa, folhas de eucalipto e folhas de laranjeira apresentaram um aumento no número de abelhas Apis mellifera, na variedade Quintal. Os produtos testados em tubos Eppendorf não foram eficientes para atrair a abelha Apis mellifera, em ambas as variedades. Palavras-Chave: Abelhas, plantas medicinais, Lauraceae
520 _a ABSTRACT: The efficiency of Medical and Aromatics plants in attracting Africanized honey bees (Apis mellifera L.) on avocado (Persea americana Mill.) The objective of the experiment was to test attractive substances for Africanized honey bees, Apis mellifera L., in avocado, Persea americana Mill. Were pulverized extracts of lemon grass (Cympobogon citratus), ocimum (Ocimum sellowii), Lippia alba, orange leaves (Citrus sinensis), eucaliptus leaves (Eucalyptus sp), eugenol and linalol and the frequency of bees on flowers were evaluated. The frequency of honey bees did increase with the application of the extracts falsa melissa, eucaliptus leaves and orange leaves, used as attractants in Quintal variety. The products tested in Eppendorf tubes did not increased the frequency the bees in Quintal and Fortuna varieties. Key words: attractants, medicinal and aromatics plants, Apis mellifera, avocado, Persea americana.
650 _aABELHA AFRICANA
650 _aPLANTA MEDICINAL
650 _aLAURACEAE
773 0 _03543
_913660
_dBotucatu-SP Instituto de Biociências - Departamento de Química e Bioquímica 1998
_o2023-29685
_tRevista Brasileira de Plantas Medicinais (Brazil)
_x1516-0572
_gv. 6(1) p. 56-59; (2003)
_wBR2024000030
856 _uhttps://www.sbpmed.org.br/admin/files/papers/file_Oq45pUSORLkY.pdf
942 _cAnalítica
999 _c298523
_d298523